1768 1168 1606 1203 1974 1292 1082 1015 1365 1641 1944 1285 1830 1718 1744 1078 1635 1503 1317 1854 1264 1648 1526 1355 1198 1470 1728 2000 1373 1778 1024 1629 1104 1900 1838 1713 1901 1450 1022 1317 1801 1362 1542 1086 1078 1031 1722 1762 1792 1247 1415 1733 1320 1742 1988 1563 1846 1317 1286 1302 1268 1467 1994 1815 1891 1416 1021 1620 1331 1684 1420 1107 1171 1652 1828 1823 1287 1084 1519 1067 1961 1715 1632 1323 1697 1282 1253 1382 1814 1883 1989 1737 1995 1558 1721 1923 1107 1664 1973 BCNSPRNW ULIB Ver.6.0+V

เปลี่ยนเป็นภาษาไทย

Change to English
 แสดงรายละเอียดบรรณานุกรม
  กลับหน้าหลัก

Brief Record : Get Marc (ISO 2709) : E-mail record : QR code < ปิดหน้าต่าง
LEADER : 00000nam 2200000uu 4500
001    13399125372
003     ULIB
008    170514s||||||||th 000 0 tha d
020    ^a9786160822911
050  0 ^aQT613.71^bก121พ
100  0  ^aกณิกนันต์ บานชื่น.
245  1  ^aพลศึกษาเพื่อพัฒนาสุขภาพ/^cผู้แต่ง กณิกนันต์ บานชื่น, หริลักษณ์ บานชื่น.
250    ^aพิมพ์ครั้งที่ 1.
260    ^aกรุงเทพฯ :^bซีเอ็ดยูเคชั่น,^c2559.
300    ^a368 หน้า :^bภาพประกอบ ;^c26 ซม.
505  0  ^aหลักการเสริมสร้างสมรรถภาพทางกาย -- อาหารและโภชนาการเสริมสร้างสมรรถภาพทางกาย -- การทดสอบสมรรถภาพทางกาย -- ความอ้วนกับดัชนีมวลกาย -- หลักการและรุปแบบการออกำลังกายด้วยกีฬา -- เกม กายบริหาร การออกกำลังกาย และการเล่นกีฬา -- ประวัติและความเป็นมาของกีฬาฟุตซอล -- ทักษะการเคลื่อนที่และการสร้างความคุ้นเคยกับลูกฟุตซอล -- ทักษะพื้นฐานการเล่นกีฬาฟุตซอล -- กติการการแข่งขันกีฬาฟุตซอล -- การออกำลังกายอย่างเหมาะสมภายใต้หลักความพอเพียง.
650    7 ^aสมรรถภาพทางกาย.
650    7 ^aการออกกำลังกาย.
650    7 ^aพลศึกษา.
650    7 ^aฟุตซอล.
650    7 ^aพฤติกรรมสุขภาพ.
650    7 ^aการดูแลสุขภาพด้วยตนเอง.
700  0  ^aหริลักษณ์ บานชื่น.
945    ^p153^l0^i23978
945    ^p153^l0^i23979
945    ^p153^l0^i23980
945    ^p153^l0^i23981
995    ^กัณชพร
999    ^aกัณชพร
รายการนี้ยังไม่มีแท็ก
คุณยังไม่ได้ล็อกอิน คุณสามารถมีกิจกรรมร่วมกับเว็บไซต์ได้ แต่ต้องล็อกอินก่อน ::
  ล็อกอิน

รายการสื่อสารสนเทศ

ลำดับที่ ประเภท เลขเรียก/บาร์โค้ด สถานที่ สถานะ
1. หนังสือสำรอง
หนังสือสำรอง
สถานะ=หนังสือเก่า
QT613.71 ก121พ ฉ.1 
  Barcode: 23978
ห้องสมุดวิทยาเขตนครสวรรค์
►ส่วนจัดเก็บหนังสือเก่า นว.
บนชั้น
  ขอยืม
2. วิทยาศาสตร์การแพทย์ และสุขภาพ
วิทยาศาสตร์การแพทย์ และสุขภาพ
สถานะ=หนังสือเก่า
QT613.71 ก121พ ฉ.2 
  Barcode: 23979
ห้องสมุดวิทยาเขตนครสวรรค์
►ส่วนจัดเก็บหนังสือเก่า นว.
บนชั้น
  ขอยืม
3. วิทยาศาสตร์การแพทย์ และสุขภาพ
วิทยาศาสตร์การแพทย์ และสุขภาพ
สถานะ=หนังสือเก่า
QT613.71 ก121พ ฉ.3 
  Barcode: 23980
ห้องสมุดวิทยาเขตนครสวรรค์
►ส่วนจัดเก็บหนังสือเก่า นว.
บนชั้น
  ขอยืม
4. วิทยาศาสตร์การแพทย์ และสุขภาพ
วิทยาศาสตร์การแพทย์ และสุขภาพ
สถานะ=หนังสือเก่า
QT613.71 ก121พ ฉ.4 
  Barcode: 23981
ห้องสมุดวิทยาเขตนครสวรรค์
►ส่วนจัดเก็บหนังสือเก่า นว.
บนชั้น
  ขอยืม

BibComment


ยังไม่เคยถูกคอมเมนท์

คอมเมนท์ทรัพยากรรายการนี้
  คอมเมนท์: พลศึกษาเพื่อพั..


 Copyright 2026. Bcnsprnw @Library